Statistics for Countries Without a Central Bank

Click here to take the quiz!

General Stats

  • This quiz has been taken 31 times
  • The average score is 7 of 8

Answer Stats

ContinentArea (sqr km)Country% Correct
Europe468Andorra
92%
Oceania811Kiribati
92%
Europe2.02Monaco
92%
Oceania26Tuvalu
92%
Oceania181Marshall Islands
88%
Oceania21Nauru
88%
Oceania459Palau
88%
Oceania702Federated States of Micronesia
83%

Score Distribution

Percentile by Number Answered

Percent of People with Each Score

Your Score History

You have not taken this quiz